Metodika k odškodňování nemajetkových újem je na světě!

Metodika k odškodňovaniu nemajetkovej ujmy podľa nového občianskeho zákonníka Českej republiky, ktorú pripravil Najvyšší súd Českej republiky v spolupráci so Spoločnosťou medicínskeho práva, zástupcami právnickych a lekárskych profesií a poistovateľov.

Enregistré dans:
Détails bibliographiques
Auteur principal: Jandová, Lucie
Format: Chapitre de livre
Langue:tchèque
Sujets:
Tags: Ajouter un tag
Pas de tags, Soyez le premier à ajouter un tag!

MARC

LEADER 00000naa a2200000 4500
001 0194505
005 20220729111520.5
041 0 |a cze 
044 |a CZ 
245 1 0 |a Metodika k odškodňování nemajetkových újem je na světě!  |c Lucie Jandová 
520 |a Metodika k odškodňovaniu nemajetkovej ujmy podľa nového občianskeho zákonníka Českej republiky, ktorú pripravil Najvyšší súd Českej republiky v spolupráci so Spoločnosťou medicínskeho práva, zástupcami právnickych a lekárskych profesií a poistovateľov. 
610 2 0 |a Česko 
610 2 0 |a právo poistné 
610 2 0 |a metodika 
610 2 0 |a poisťovatelia 
610 2 0 |a náhrada poistná 
610 2 0 |a podmienky poistné 
610 2 0 |a odškodnenie 
610 2 0 |a zákonník občiansky 
100 1 |a Jandová, Lucie